[Event "87o Campeonato Brasileiro Absoluto Final Aberta"]
[Site "Cuiaba MT"]
[Date "2021.11.02"]
[Round "8"]
[Board "57"]
[White "Cymbalista, Eduardo Cymrot"]
[Black "Passos, Rafael Moreira"]
[Result "1-0"]
[WhiteElo "1735"]
[BlackElo "1893"]
[PlyCount "49"]
[EventDate "2021.10.28"]
[EventRounds "11"]
[EventCountry "BRA"]

1. c4 e6 2. d4 d5 3. Nc3 Nf6 4. Nf3 Be7 5. Bf4 O-O 6. e3 b6 7. Rc1 Bb7 8. cxd5
Nxd5 9. Nxd5 Qxd5 10. Rxc7 Bb4+ 11. Nd2 Na6 12. Rc4 b5 13. Rc2 Qxa2 14. Bd3 Qd5
15. f3 Nc5 16. Rxc5 Bxc5 17. Be4 Qd7 18. Bxb7 Qxb7 19. dxc5 b4 20. Qa4 Rfd8 21.
Bd6 Rac8 22. O-O h6 23. Nc4 Rc6 24. Na5 Qa6 25. Qxc6  1-0

[Event "87o Campeonato Brasileiro Absoluto Final Aberta"]
[Site "Cuiaba MT"]
[Date "2021.11.02"]
[Round "8"]
[Board "59"]
[White "Panazzolo, Paulo Victor"]
[Black "Dos Santos, Clecio Franca"]
[Result "0-1"]
[WhiteElo "1790"]
[BlackElo "2031"]
[PlyCount "56"]
[EventDate "2021.10.28"]
[EventRounds "11"]
[EventCountry "BRA"]

1. e4 d6 2. d4 Nf6 3. Nc3 g6 4. Nf3 Bg7 5. Be2 O-O 6. O-O Nc6 7. h3 e5 8. d5
Ne7 9. Be3 Ne8 10. Qd2 f5 11. Bg5 f4 12. Kh2 h6 13. Bxe7 Qxe7 14. g3 g5 15. Ng1
Qf7 16. g4 h5 17. f3 Nf6 18. Na4 Qg6 19. c4 Kf7 20. Kg2 Qh6 21. Rf2 hxg4 22.
hxg4 Bxg4 23. fxg4 Nxe4 24. Qc2 Ng3 25. Rf3 Qh1+ 26. Kf2 Qh2+ 27. Ke1 Qxg1+ 28.
Rf1 Nxf1  0-1

[Event "87o Campeonato Brasileiro Absoluto Final Aberta"]
[Site "Cuiaba MT"]
[Date "2021.11.02"]
[Round "8"]
[Board "60"]
[White "Cavalcante, Rodrigo Moreira"]
[Black "Bisesar, Maycon Da Costa"]
[Result "0-1"]
[WhiteElo "1964"]
[BlackElo "1742"]
[PlyCount "56"]
[EventDate "2021.10.28"]
[EventRounds "11"]
[EventCountry "BRA"]

1. e4 d6 2. d4 Nf6 3. Nc3 g6 4. f4 Bg7 5. Nf3 O-O 6. Be2 c5 7. dxc5 Qa5 8. Qd3
Nxe4 9. Qxe4 Bxc3+ 10. Bd2 Bxd2+ 11. Nxd2 Qxc5 12. g4 Nc6 13. O-O-O Qd4 14. Qf3
Qa4 15. Nb3 Be6 16. Kb1 Rac8 17. a3 f6 18. h4 Bf7 19. Qf1 a6 20. g5 Kg7 21. h5
fxg5 22. hxg6 Bxg6 23. Qh3 gxf4 24. Qe6 Qe4 25. Qg4 Qxc2+ 26. Ka2 Ne5 27. Qe6
Bf7 28. Qh6+ Kg8  0-1

[Event "87o Campeonato Brasileiro Absoluto Final Aberta"]
[Site "Cuiaba MT"]
[Date "2021.11.02"]
[Round "8"]
[Board "61"]
[White "Borges, Ivoney"]
[Black "Fedrizzi, Roberto Senatore"]
[Result "1/2-1/2"]
[WhiteElo "1767"]
[BlackElo "1962"]
[PlyCount "135"]
[EventDate "2021.10.28"]
[EventRounds "11"]
[EventCountry "BRA"]

1. e4 c5 2. Nf3 e6 3. d3 d6 4. Nbd2 Nc6 5. g3 Nf6 6. Bg2 Be7 7. O-O O-O 8. Re1
e5 9. Nf1 Bd7 10. h4 Qc8 11. Bg5 Ng4 12. N1h2 h6 13. Bd2 Nxh2 14. Nxh2 f5 15.
exf5 Bxf5 16. g4 Bh7 17. g5 hxg5 18. hxg5 Qf5 19. f4 Bg6 20. Bd5+ Bf7 21. Be4
Qh3 22. Re3 Qh4 23. g6 Be6 24. f5 d5 25. Kg2 Rxf5 26. Bxf5 Bxf5 27. Rg3 e4 28.
Nf1 exd3 29. cxd3 Rf8 30. Qe2 d4 31. Rf3 Bxg6 32. Rxf8+ Bxf8 33. Ng3 Bf7 34.
Rh1 Bd5+ 35. Ne4 Qe7 36. Qg4 Ne5 37. Qh5 Qd6 38. Qh8+ Kf7 39. Rf1+ Ke8 40. Qh3
Qg6+ 41. Kh2 Ng4+ 42. Kh1 Bd6 43. Bf4 Bxe4+ 44. dxe4 Qxe4+ 45. Qg2 Qxg2+ 46.
Kxg2 Bxf4 47. Rxf4 Ne3+ 48. Kf3 Nd1 49. b3 Nc3 50. Rg4 Kd8 51. a4 Kc7 52. Rxg7+
Kb6 53. Kf2 Na2 54. Ke1 Nc1 55. Rg3 d3 56. Kd1 Nxb3 57. Rxd3 Nd4 58. Rc3 a6 59.
Kd2 Kc6 60. Rh3 b5 61. Rh6+ Kb7 62. axb5 axb5 63. Kc3 Nc6 64. Kb3 Kb6 65. Kc3
c4 66. Rg6 Kc5 67. Rg5+ Kb6 68. Rg6  1/2-1/2

[Event "87o Campeonato Brasileiro Absoluto Final Aberta"]
[Site "Cuiaba MT"]
[Date "2021.11.02"]
[Round "8"]
[Board "62"]
[White "Cilento, Lucas Geraldo"]
[Black "Rezende, Uelton Fabricius Alves"]
[Result "0-1"]
[WhiteElo "1952"]
[BlackElo "1784"]
[PlyCount "52"]
[EventDate "2021.10.28"]
[EventRounds "11"]
[EventCountry "BRA"]

1. b3 e5 2. Bb2 Nc6 3. c4 Nf6 4. Nc3 d5 5. d3 d4 6. Nb1 Be7 7. g3 Bb4+ 8. Nd2
e4 9. a3 Bxd2+ 10. Qxd2 O-O 11. Bg2 Re8 12. O-O-O e3 13. fxe3 dxe3 14. Qc3 Ne5
15. h3 Rb8 16. Nf3 Ng6 17. Rdf1 Qe7 18. g4 Nf4 19. Qe1 b5 20. Nh4 Nxg2 21. Nxg2
bxc4 22. b4 Ba6 23. dxc4 Bxc4 24. g5 Qe4 25. gxf6 Ba2 26. Nxe3 Qb1+  0-1

[Event "87o Campeonato Brasileiro Absoluto Final Aberta"]
[Site "Cuiaba MT"]
[Date "2021.11.02"]
[Round "8"]
[Board "63"]
[White "Zakowicz, Rafael"]
[Black "Leite, Coraci De Jesus"]
[Result "1-0"]
[WhiteElo "1932"]
[BlackElo "1763"]
[PlyCount "123"]
[EventDate "2021.10.28"]
[EventRounds "11"]
[EventCountry "BRA"]

1. e4 c5 2. Nf3 g6 3. Bc4 Bg7 4. O-O e6 5. Qe2 Ne7 6. Bb3 Nbc6 7. c3 O-O 8. d3
b6 9. Nbd2 Na5 10. Bc2 Ba6 11. Re1 e5 12. Rb1 Nac6 13. b4 cxb4 14. cxb4 Bc8 15.
b5 Na5 16. Bb2 d6 17. Nf1 Bg4 18. Ne3 Bd7 19. d4 f6 20. Red1 Qe8 21. a4 Be6 22.
Ba3 Nb7 23. Rd2 Rc8 24. Rbd1 Qf7 25. dxe5 dxe5 26. Nd5 Nc5 27. h3 Bxd5 28. exd5
Bh6 29. d6 Nf5 30. d7 Rcd8 31. Bxc5 bxc5 32. Rd5 Nd4 33. Nxd4 cxd4 34. Bb3 Kg7
35. Qg4 Qe7 36. Rd3 Qb4 37. g3 Qe1+ 38. Kg2 Qb4 39. Qe6 Bc1 40. Rd6 Ba3 41. Rc6
Qe7 42. Qxe7+ Bxe7 43. Be6 Bb4 44. Rc7 Bc3 45. Rxa7 e4 46. Rd1 f5 47. Bd5 Rf6
48. Bc6 g5 49. a5 d3 50. a6 Bd4 51. Rb7 Rff8 52. a7 Kf6 53. Rc7 Bb6 54. Rb7 Ba5
55. b6 Ke5 56. Rb1 Bc3 57. Rc7 d2 58. a8=Q Rxa8 59. Bxa8 Rd8 60. Rc6 Rxd7 61.
Rd1 f4 62. b7  1-0

[Event "87o Campeonato Brasileiro Absoluto Final Aberta"]
[Site "Cuiaba MT"]
[Date "2021.11.02"]
[Round "8"]
[Board "64"]
[White "Assad, Leonardo Vaz De Figueiredo"]
[Black "Cabral Teske, Luiz Fernando"]
[Result "1/2-1/2"]
[WhiteElo "1745"]
[BlackElo "1894"]
[PlyCount "37"]
[EventDate "2021.10.28"]
[EventRounds "11"]
[EventCountry "BRA"]

1. c4 Nf6 2. Nf3 g6 3. g3 d5 4. Bg2 Bg7 5. O-O O-O 6. cxd5 Nxd5 7. Nc3 c5 8.
Qb3 Nxc3 9. bxc3 Qc7 10. d4 Nc6 11. Bf4 e5 12. dxe5 Nxe5 13. Nxe5 Bxe5 14. Bh6
Re8 15. Bd5 Rb8 16. Rad1 Be6 17. c4 Bxd5 18. Rxd5 Red8 19. Rfd1  1/2-1/2

[Event "87o Campeonato Brasileiro Absoluto Final Aberta"]
[Site "Cuiaba MT"]
[Date "2021.11.02"]
[Round "8"]
[Board "65"]
[White "Carmo, Jose Arlindo"]
[Black "Farias, Igor Borge Cardoso"]
[Result "0-1"]
[WhiteElo "1650"]
[BlackElo "1889"]
[PlyCount "58"]
[EventDate "2021.10.28"]
[EventRounds "11"]
[EventCountry "BRA"]

1. e4 c5 2. Nf3 d6 3. d4 cxd4 4. Nxd4 Nf6 5. Nc3 a6 6. Be2 e5 7. Nb3 Be7 8. O-O
O-O 9. Be3 Be6 10. f4 b5 11. f5 Bc4 12. Bd3 Qc7 13. Qe2 d5 14. Nxd5 Bxd5 15.
exd5 e4 16. Bf4 exd3 17. Qxd3 Bd6 18. Qd2 Nbd7 19. Rac1 Nb6 20. Bxd6 Qxd6 21.
Qd4 Rac8 22. Rf3 Rc4 23. Qe3 Nbxd5 24. Qg5 Nf4 25. Kh1 Ne4 26. Qh4 Ne2 27. Rd3
N4g3+ 28. hxg3 Rxh4+ 29. gxh4 Qf4  0-1

[Event "87o Campeonato Brasileiro Absoluto Final Aberta"]
[Site "Cuiaba MT"]
[Date "2021.11.02"]
[Round "8"]
[Board "66"]
[White "Kruger, Israel"]
[Black "Cardoso, Lucca Pimenta"]
[Result "1/2-1/2"]
[WhiteElo "1882"]
[BlackElo "1690"]
[PlyCount "98"]
[EventDate "2021.10.28"]
[EventRounds "11"]
[EventCountry "BRA"]

1. e4 c5 2. Nc3 Nc6 3. f4 d6 4. Nf3 g6 5. Bb5 Bd7 6. Bxc6 Bxc6 7. O-O Bg7 8. d3
Qd7 9. Qe1 O-O-O 10. Rb1 f5 11. b4 b6 12. bxc5 dxc5 13. e5 e6 14. Be3 Ne7 15.
Qf2 Nd5 16. Nxd5 Qxd5 17. Rb3 h6 18. Rfb1 g5 19. c4 Qd7 20. Bxc5 bxc5 21. Qxc5
Qc7 22. Nd4 Rxd4 23. Qxd4 Re8 24. Qb2 gxf4 25. Rb8+ Kd7 26. Rxe8 Kxe8 27. Qb8+
Kd7 28. d4 Be4 29. Rb3 Qxb8 30. Rxb8 h5 31. h4 f3 32. gxf3 Bxf3 33. Kf2 Be4 34.
Rg8 Bh6 35. Rh8 Bd2 36. Rh7+ Kc6 37. Rxa7 Bc3 38. Ke3 Be1 39. Rh7 Bxh4 40. Rxh5
Be1 41. Rh6 Kd7 42. Rh7+ Kd8 43. Ra7 Bc6 44. a4 Bg3 45. Rf7 f4+ 46. Rxf4 Bxf4+
47. Kxf4 Bxa4 48. d5 Bb3 49. dxe6 Bxc4  1/2-1/2

[Event "87o Campeonato Brasileiro Absoluto Final Aberta"]
[Site "Cuiaba MT"]
[Date "2021.11.02"]
[Round "8"]
[Board "67"]
[White "Sopko, Cassio Roberto"]
[Black "Goetten Wagner, Julia"]
[Result "1/2-1/2"]
[WhiteElo "1877"]
[BlackElo "1606"]
[PlyCount "68"]
[EventDate "2021.10.28"]
[EventRounds "11"]
[EventCountry "BRA"]

1. d4 Nf6 2. g3 c5 3. c3 cxd4 4. cxd4 d5 5. Bg2 e6 6. Nf3 Bd6 7. O-O Nc6 8. Nc3
O-O 9. b3 Bb4 10. Bb2 Bxc3 11. Bxc3 Ne4 12. Bb2 Bd7 13. Ne1 f5 14. Nd3 Rc8 15.
f3 Ng5 16. Nc5 b6 17. Nxd7 Qxd7 18. Qd2 Nf7 19. f4 Rfd8 20. Rfc1 a5 21. Ba3 Nd6
22. Bxd6 Qxd6 23. a3 Rc7 24. e3 Rdc8 25. Bf1 Nd8 26. a4 Nf7 27. Ba6 Rd8 28.
Rxc7 Qxc7 29. Rc1 Qa7 30. Bd3 Nd6 31. Rc2 Qb7 32. Qc1 Rc8 33. Kf2 Rxc2+ 34.
Qxc2 Qc8  1/2-1/2

[Event "87o Campeonato Brasileiro Absoluto Final Aberta"]
[Site "Cuiaba MT"]
[Date "2021.11.02"]
[Round "8"]
[Board "68"]
[White "Olivo, Anibal Ribeiro"]
[Black "Fontoura, Alexandre Souza"]
[Result "1/2-1/2"]
[WhiteElo "1588"]
[BlackElo "1873"]
[PlyCount "73"]
[EventDate "2021.10.28"]
[EventRounds "11"]
[EventCountry "BRA"]

1. e4 g6 2. d4 Bg7 3. Nc3 d6 4. Be3 a6 5. Nf3 b5 6. Bd3 Nd7 7. a3 Bb7 8. Qd2 c5
9. d5 Nb6 10. Rb1 h5 11. O-O Nf6 12. h3 Bc8 13. b3 Nfd7 14. Nh2 Ne5 15. f4 Nxd3
16. cxd3 f5 17. Nf3 e6 18. dxe6 Bxe6 19. Ng5 Qf6 20. exf5 Bxf5 21. Ne2 Nd5 22.
Ng3 O-O 23. Nxf5 Qxf5 24. Kh1 Rae8 25. Rbe1 Bc3 26. Qf2 Bxe1 27. Rxe1 Qxd3 28.
Bd2 Qf5 29. Re2 Qb1+ 30. Kh2 Qf5 31. Qe1 Rxe2 32. Qxe2 Nxf4 33. Qe7 Rf6 34.
Qe8+ Kg7 35. Qe7+ Kg8 36. Qe8+ Rf8 37. Qe7  1/2-1/2

[Event "87o Campeonato Brasileiro Absoluto Final Aberta"]
[Site "Cuiaba MT"]
[Date "2021.11.02"]
[Round "8"]
[Board "69"]
[White "Andrade, Guilherme A. De Souza"]
[Black "Paludo, Nicolas Luis Escarantte"]
[Result "1-0"]
[WhiteElo "1852"]
[BlackElo "1821"]
[PlyCount "93"]
[EventDate "2021.10.28"]
[EventRounds "11"]
[EventCountry "BRA"]

1. d4 e6 2. c4 Bb4+ 3. Nd2 Nf6 4. a3 Bxd2+ 5. Bxd2 O-O 6. Bg5 d5 7. e3 h6 8.
Bh4 Nbd7 9. Nf3 Re8 10. Rc1 c6 11. Bd3 dxc4 12. Bxc4 Qa5+ 13. Qd2 Qxd2+ 14.
Nxd2 e5 15. dxe5 Rxe5 16. O-O Nb6 17. Bxf6 gxf6 18. Nf3 Nxc4 19. Rxc4 Rb5 20.
Rc2 Bf5 21. Rd2 Rd5 22. Rxd5 cxd5 23. Rc1 Rc8 24. Rxc8+ Bxc8 25. Kf1 b6 26. Ke1
Kf8 27. Kd2 Ke7 28. Kc3 Kd6 29. Kd4 a5 30. g3 a4 31. Ne1 Bf5 32. Ng2 Be4 33.
Nf4 f5 34. Ne2 f6 35. Nc3 Bf3 36. Nxa4 Kc6 37. Nc3 h5 38. h4 Kd6 39. b4 Kc6 40.
a4 Bg2 41. a5 bxa5 42. bxa5 Bf3 43. a6 Kb6 44. Nxd5+ Kxa6 45. Nxf6 Kb6 46. Ke5
Kc6 47. Kxf5  1-0

[Event "87o Campeonato Brasileiro Absoluto Final Aberta"]
[Site "Cuiaba MT"]
[Date "2021.11.02"]
[Round "8"]
[Board "70"]
[White "De Avelar, Flavio Henrique"]
[Black "Duailibi, Ricardo Miguel"]
[Result "0-1"]
[WhiteElo "1534"]
[BlackElo "1849"]
[PlyCount "74"]
[EventDate "2021.10.28"]
[EventRounds "11"]
[EventCountry "BRA"]

1. d4 Nf6 2. Nf3 g6 3. c4 Bg7 4. Nc3 O-O 5. e4 d6 6. Be2 e5 7. d5 a5 8. Be3 Na6
9. Qd2 Ng4 10. h3 Nxe3 11. Qxe3 Nc5 12. Nd2 a4 13. g4 f5 14. gxf5 gxf5 15. exf5
Bxf5 16. O-O-O e4 17. Rdg1 Qf6 18. f3 Kh8 19. fxe4 Bg6 20. h4 a3 21. e5 Qf5 22.
Rxg6 axb2+ 23. Kxb2 Bxe5 24. Bd1 Nd3+ 25. Kb3 Nc5+ 26. Kb2 Nd3+ 27. Kb3 Nc1+
28. Kb2 Nxa2 29. Rg5 Nxc3 30. Qxe5+ dxe5 31. Rxf5 Nxd1+ 32. Rxd1 Rxf5 33. Kc3
Ra3+ 34. Kb4 Rd3 35. c5 Rf4+ 36. Kb5 Rxd5 37. h5 Rfd4  0-1

[Event "87o Campeonato Brasileiro Absoluto Final Aberta"]
[Site "Cuiaba MT"]
[Date "2021.11.02"]
[Round "8"]
[Board "71"]
[White "Pessoa, Marcio De Souza"]
[Black "Serafim, Paulo Rogerio"]
[Result "1-0"]
[WhiteElo "1818"]
[BlackElo "1441"]
[PlyCount "75"]
[EventDate "2021.10.28"]
[EventRounds "11"]
[EventCountry "BRA"]

1. e4 c5 2. Nf3 Nc6 3. Bc4 e6 4. Bb3 b5 5. c3 c4 6. Bc2 d5 7. d4 dxe4 8. Bxe4
Bb7 9. O-O Be7 10. Na3 Nf6 11. Bc2 Bxa3 12. bxa3 Nd5 13. Bd2 a5 14. Rb1 Ba6 15.
Re1 Qe7 16. Be4 Qd6 17. Qc2 Nf6 18. Bf5 O-O 19. Be4 Rfc8 20. Ng5 h6 21. Nh3
Qxa3 22. Re3 Qf8 23. Nf4 Ra7 24. Rg3 Ne7 25. Re1 Nxe4 26. Rxe4 Bb7 27. Re5 Nf5
28. Rg4 Bc6 29. Nh5 Kh8 30. Rxf5 exf5 31. Rxg7 Be4 32. Qc1 Qxg7 33. Nxg7 Kxg7
34. Bxh6+ Kh7 35. f3 Bd5 36. Qf4 Be6 37. d5 Bd7 38. Qd4  1-0

[Event "87o Campeonato Brasileiro Absoluto Final Aberta"]
[Site "Cuiaba MT"]
[Date "2021.11.02"]
[Round "8"]
[Board "72"]
[White "Lima, Carlos Eduardo I De Araujo"]
[Black "Rocha, Matheus Eugenio S M Nunes"]
[Result "1-0"]
[WhiteElo "1815"]
[BlackElo "1800"]
[PlyCount "63"]
[EventDate "2021.10.28"]
[EventRounds "11"]
[EventCountry "BRA"]

1. e4 c6 2. d4 d5 3. Nc3 dxe4 4. Nxe4 Nd7 5. Bc4 e6 6. Nf3 Ngf6 7. Bg5 Be7 8.
Ng3 O-O 9. O-O b6 10. Re1 Bb7 11. c3 c5 12. dxc5 Nxc5 13. Qe2 Nd5 14. Be3 Nxe3
15. Qxe3 Qc7 16. Rad1 Rfd8 17. Rxd8+ Rxd8 18. b4 Na4 19. Ne5 Bf6 20. Nxf7 Qc6
21. f3 Kxf7 22. Bxe6+ Kf8 23. Bb3 Nxc3 24. Qf4 Qd6 25. Qf5 g6 26. Qh3 Kg7 27.
Kh1 Bc8 28. Nh5+ Kh8 29. g4 Qd2 30. Rg1 Bd4 31. Qh4 Bxg1 32. Qf6#  1-0

[Event "87o Campeonato Brasileiro Absoluto Final Aberta"]
[Site "Cuiaba MT"]
[Date "2021.11.02"]
[Round "8"]
[Board "73"]
[White "Braga, Marcelo Melem"]
[Black "Cruz, Natan Gomes"]
[Result "0-1"]
[WhiteElo "1531"]
[BlackElo "1815"]
[PlyCount "94"]
[EventDate "2021.10.28"]
[EventRounds "11"]
[EventCountry "BRA"]

1. d4 d5 2. c4 c6 3. Nc3 Nf6 4. Bg5 Nbd7 5. Nf3 dxc4 6. Bd2 e6 7. a3 b5 8. e3
Bb7 9. Be2 a6 10. O-O c5 11. b3 cxb3 12. Qxb3 Be7 13. dxc5 Nxc5 14. Qc2 O-O 15.
Rfd1 Rc8 16. Qa2 Nd5 17. Be1 Qb6 18. Ne5 Bf6 19. f4 Bxe5 20. fxe5 Nxe3 21. Rd6
Qc7 22. Bf3 Bxf3 23. gxf3 Nc4 24. Bg3 Nxd6 25. exd6 Qc6 26. Kg2 f5 27. Rd1 Rcd8
28. Ne2 Kh8 29. Rc1 Rxd6 30. Bxd6 Qxd6 31. Qc2 Na4 32. Qc8 h6 33. Qc6 Qe5 34.
Re1 Rf6 35. Qe8+ Kh7 36. Qh5 Nc3 37. f4 Qe4+ 38. Qf3 Qxf3+ 39. Kxf3 Nxe2 40.
Rxe2 g5 41. h3 Kg6 42. Re5 Rf7 43. Rxe6+ Rf6 44. Re5 Rb6 45. Re8 a5 46. Re5 b4
47. Rxa5 b3  0-1

[Event "87o Campeonato Brasileiro Absoluto Final Aberta"]
[Site "Cuiaba MT"]
[Date "2021.11.02"]
[Round "8"]
[Board "74"]
[White "Freitas, Mauricio Mathioli"]
[Black "De Andrade, Dalson Holanda Caval"]
[Result "0-1"]
[WhiteElo "1441"]
[BlackElo "2000"]
[PlyCount "72"]
[EventDate "2021.10.28"]
[EventRounds "11"]
[EventCountry "BRA"]

1. Nf3 d5 2. g3 Nf6 3. Bg2 e6 4. c4 Nbd7 5. O-O dxc4 6. Qa4 a6 7. Qxc4 b5 8.
Qc2 Bb7 9. d4 Rc8 10. Bg5 c5 11. Qd2 cxd4 12. Nxd4 Bxg2 13. Kxg2 Qb6 14. Bxf6
Nxf6 15. Nf3 Be7 16. Nc3 O-O 17. Rac1 Rfd8 18. Qf4 Rc4 19. e4 Qb7 20. Nd2 Rcd4
21. Rc2 Bb4 22. f3 Rd3 23. Rf2 Nd7 24. Nb3 Bxc3 25. Rxc3 Rxc3 26. bxc3 Rc8 27.
Rd2 Rxc3 28. Qd6 Nf8 29. Nc5 Qc8 30. Nxa6 Rc6 31. Qe7 Rc2 32. Rxc2 Qxc2+ 33.
Kh3 Qe2 34. Qe8 Qxf3 35. Nc5 Qh5+ 36. Kg2 Qxc5  0-1

[Event "87o Campeonato Brasileiro Absoluto Final Aberta"]
[Site "Cuiaba MT"]
[Date "2021.11.02"]
[Round "8"]
[Board "75"]
[White "Fernandes, Pedro Guilherme Muniz"]
[Black "Azevedo Junior, Joao Nunes"]
[Result "1-0"]
[WhiteElo "1682"]
[BlackElo "1919"]
[PlyCount "63"]
[EventDate "2021.10.28"]
[EventRounds "11"]
[EventCountry "BRA"]

1. Nf3 Nf6 2. g3 g6 3. Bg2 Bg7 4. O-O O-O 5. c4 c5 6. Nc3 d6 7. d4 a6 8. a3 Qc7
9. dxc5 Qxc5 10. Na4 Qc7 11. Be3 Nfd7 12. Rc1 Nc5 13. Nc3 Be6 14. Ng5 Nc6 15.
b4 Nd7 16. Nxe6 fxe6 17. b5 Nce5 18. Nd5 exd5 19. Qxd5+ Kh8 20. Qxb7 Qxb7 21.
Bxb7 axb5 22. Bxa8 Rxa8 23. cxb5 Rxa3 24. Rc8+ Bf8 25. Bh6 Kg8 26. Rb1 Kf7 27.
Bxf8 Nxf8 28. b6 Nfd7 29. b7 Ra2 30. f4 Ng4 31. Rd8 Ngf6 32. g4  1-0

[Event "87o Campeonato Brasileiro Absoluto Final Aberta"]
[Site "Cuiaba MT"]
[Date "2021.11.02"]
[Round "8"]
[Board "76"]
[White "Baeta, Marcio Netto"]
[Black "Bueno, Marcos Antonio Ferreira"]
[Result "1-0"]
[WhiteElo "1906"]
[BlackElo "1661"]
[PlyCount "53"]
[EventDate "2021.10.28"]
[EventRounds "11"]
[EventCountry "BRA"]

1. e4 d6 2. f4 Nf6 3. Nc3 g6 4. d4 Bg7 5. Bc4 O-O 6. e5 Ne8 7. Be3 e6 8. Nf3 d5
9. Bd3 b6 10. Qe2 a5 11. h4 Ba6 12. h5 Bxd3 13. Qxd3 Na6 14. hxg6 fxg6 15. Ng5
Nb4 16. Qd2 Qd7 17. Nxh7 Rf7 18. Ng5 Rf5 19. g4 Rxg5 20. fxg5 Rc8 21. O-O-O c5
22. Rdf1 Bxe5 23. dxe5 d4 24. Ne4 Nd5 25. Nf6+ Nexf6 26. gxf6 Nxe3 27. Qh2  1-0

[Event "87o Campeonato Brasileiro Absoluto Final Aberta"]
[Site "Cuiaba MT"]
[Date "2021.11.02"]
[Round "8"]
[Board "77"]
[White "Da Cruz, Emerson"]
[Black "Moyses Sobrinho, Elias"]
[Result "0-1"]
[WhiteElo "1623"]
[BlackElo "1858"]
[PlyCount "33"]
[EventDate "2021.10.28"]
[EventRounds "11"]
[EventCountry "BRA"]

1. c4 Nf6 2. Nc3 d5 3. cxd5 Nxd5 4. e4 Nb4 5. d4 Qxd4 6. Qxd4 Nc2+ 7. Kd1 Nxd4
8. Be3 Ne6 9. Bc4 c6 10. Nge2 g6 11. Nd4 Nxd4 12. Bxd4 f6 13. e5 Nd7 14. e6 Ne5
15. Bb3 h6 16. Ne2 b6 17. Ng3 {ilegÃƒ^^vel}  0-1

[Event "87o Campeonato Brasileiro Absoluto Final Aberta"]
[Site "Cuiaba MT"]
[Date "2021.11.02"]
[Round "8"]
[Board "78"]
[White "Teixeira, Jonas Carvalho"]
[Black "De Oliveira Filho, Fernando F"]
[Result "1-0"]
[WhiteElo "1785"]
[BlackElo "1638"]
[PlyCount "87"]
[EventDate "2021.10.28"]
[EventRounds "11"]
[EventCountry "BRA"]

1. e4 e6 2. d4 d5 3. exd5 exd5 4. Nf3 Bd6 5. Be2 Bg4 6. O-O Nc6 7. c3 Nge7 8.
Bg5 f6 9. Bh4 Qd7 10. Nbd2 O-O-O 11. b4 Rdg8 12. a4 h5 13. Nb3 g5 14. Bg3 Bxg3
15. fxg3 Nf5 16. Qd2 Qd6 17. b5 Nce7 18. Bd3 h4 19. gxh4 Nxh4 20. Nxh4 Rxh4 21.
g3 Rh6 22. Rae1 f5 23. Qe3 Rg7 24. Qe5 Qxe5 25. dxe5 f4 26. Be2 Bxe2 27. Rxe2
Rf7 28. Nd4 c5 29. bxc6 bxc6 30. a5 a6 31. Nb3 f3 32. Re3 g4 33. e6 Rfh7 34.
Rf2 Nf5 35. Re5 Rh5 36. Nc5 Re7 37. Rb2 Nxg3 38. Nxa6 Rb7 39. Rxh5 Nxh5 40.
Rxb7 Kxb7 41. e7 Nf6 42. Nc5+ Kc7 43. a6 Kb6 44. Nd7+  1-0

[Event "87o Campeonato Brasileiro Absoluto Final Aberta"]
[Site "Cuiaba MT"]
[Date "2021.11.02"]
[Round "8"]
[Board "79"]
[White "Da Silva Santos, Jarlison"]
[Black "Campos, Otavio Moraes"]
[Result "0-1"]
[WhiteElo "1774"]
[BlackElo "1619"]
[PlyCount "74"]
[EventDate "2021.10.28"]
[EventRounds "11"]
[EventCountry "BRA"]

1. e4 c5 2. Nf3 Nc6 3. d4 cxd4 4. Nxd4 g6 5. Be3 Bg7 6. Bc4 Nf6 7. Nd2 d5 8.
Bb5 Bd7 9. exd5 Nxd5 10. N2f3 Nxe3 11. fxe3 O-O 12. O-O Qb6 13. Rb1 Rfd8 14.
Bxc6 Bxc6 15. Qe2 Be4 16. Ng5 Bd5 17. c4 Bxd4 18. exd4 Qxd4+ 19. Kh1 Bxc4 20.
Qxe7 Rd7 21. Qe4 Bxf1 22. Rxf1 Qxe4 23. Nxe4 Re7 24. Nc3 Rae8 25. Nd5 Re1 26.
Kg1 Rxf1+ 27. Kxf1 Kg7 28. Nc3 a6 29. Kf2 f5 30. a4 Kf6 31. g3 b5 32. h3 bxa4
33. Nxa4 a5 34. Nb6 Ke6 35. Ke3 Rb8 36. Nc4 a4 37. Kd2 Rb3  0-1

[Event "87o Campeonato Brasileiro Absoluto Final Aberta"]
[Site "Cuiaba MT"]
[Date "2021.11.02"]
[Round "8"]
[Board "80"]
[White "Da Silva, Erick Feitosa"]
[Black "Rosa, Diego Jesus Vieira"]
[Result "1-0"]
[WhiteElo "1765"]
[BlackElo "1558"]
[PlyCount "53"]
[EventDate "2021.10.28"]
[EventRounds "11"]
[EventCountry "BRA"]

1. c4 Nf6 2. Nc3 e6 3. e4 Nc6 4. Nf3 d5 5. e5 Ng4 6. d4 Bb4 7. Be2 f6 8. Ng1
Nh6 9. Bh5+ Nf7 10. Bxf7+ Kxf7 11. cxd5 exd5 12. exf6 Qxf6 13. Nge2 Bxc3+ 14.
bxc3 Re8 15. O-O Re4 16. Ng3 Rg4 17. Re1 Rg6 18. Qb3 Ne7 19. Ba3 Be6 20. Qxb7
Rc8 21. Re5 Rg5 22. Bxe7 Qxe7 23. Re3 h5 24. Rae1 Rg6 25. Qxc8 Qg5 26. Rxe6
Rxe6 27. Qxe6+  1-0

[Event "87o Campeonato Brasileiro Absoluto Final Aberta"]
[Site "Cuiaba MT"]
[Date "2021.11.02"]
[Round "8"]
[Board "81"]
[White "Messias, Jose Vitor Lamosa Prado"]
[Black "Paniago, Lucio Erloiny Silva"]
[Result "1/2-1/2"]
[WhiteElo "1762"]
[BlackElo "1493"]
[PlyCount "35"]
[EventDate "2021.10.28"]
[EventRounds "11"]
[EventCountry "BRA"]

1. e4 e6 2. d4 d5 3. Nc3 Nf6 4. Bg5 dxe4 5. Nxe4 Nbd7 6. Bd3 Be7 7. Qd2 O-O 8.
O-O-O Nxe4 9. Bxe7 Nxd2 10. Bxd8 Nb3+ 11. axb3 Rxd8 12. Nf3 Nf6 13. Ne5 Bd7 14.
g4 Nd5 15. c3 Ne7 16. h4 h6 17. Nxd7 Rxd7 18. Rde1  1/2-1/2

[Event "87o Campeonato Brasileiro Absoluto Final Aberta"]
[Site "Cuiaba MT"]
[Date "2021.11.02"]
[Round "8"]
[Board "83"]
[White "Ferreira, Fernando Goncalves"]
[Black "Melo, Igor De Souza"]
[Result "0-1"]
[WhiteElo "1357"]
[BlackElo "1710"]
[PlyCount "92"]
[EventDate "2021.10.28"]
[EventRounds "11"]
[EventCountry "BRA"]

1. d4 d5 2. Bf4 Nf6 3. e3 e6 4. Nf3 Bd6 5. Bg3 c5 6. c3 Nc6 7. Nbd2 O-O 8. Bd3
b6 9. Ne5 Bb7 10. O-O Rc8 11. Qf3 h6 12. Qe2 cxd4 13. exd4 Ne7 14. Ndf3 Nf5 15.
Bxf5 exf5 16. Bf4 g5 17. Be3 f4 18. Bd2 Re8 19. h3 Nd7 20. Rfe1 f6 21. Qd3 Nf8
22. Ng6 Kg7 23. Nxf8 Bxf8 24. Qf5 Rc7 25. h4 Rxe1+ 26. Rxe1 Bc8 27. Qd3 Bg4 28.
hxg5 hxg5 29. Nh2 Bh5 30. g3 fxg3 31. fxg3 Bd6 32. Nf1 Bg6 33. Qf3 Be4 34. Qg4
Qh8 35. Nh2 Kg6 36. Re2 Rh7 37. c4 Rh3 38. Bf4 Bxf4 39. gxf4 Bf5 40. Qg2 dxc4
41. fxg5 fxg5 42. Qc6+ Kh5 43. d5 Qd4+ 44. Rf2 Rg3+ 45. Kh1 Be4+ 46. Nf3 Bxf3+
 0-1

[Event "87o Campeonato Brasileiro Absoluto Final Aberta"]
[Site "Cuiaba MT"]
[Date "2021.11.02"]
[Round "8"]
[Board "86"]
[White "Romais, Rodrigo"]
[Black "Cinta Larga, Carlos Eduardo Dos Santos"]
[Result "0-1"]
[WhiteElo "1652"]
[BlackElo "1742"]
[PlyCount "68"]
[EventDate "2021.10.28"]
[EventRounds "11"]
[EventCountry "BRA"]

1. e4 c5 2. Nf3 d6 3. d4 cxd4 4. Nxd4 Nf6 5. Nc3 a6 6. f3 e5 7. Nb3 Be6 8. Bg5
Nbd7 9. Qd2 Be7 10. O-O-O O-O 11. Kb1 b5 12. h4 b4 13. Bxf6 Nxf6 14. Nd5 Bxd5
15. exd5 a5 16. g4 a4 17. Nc1 Qb6 18. Bd3 Ra5 19. Be4 Rc8 20. h5 Nxe4 21. fxe4
Rac5 22. Nd3 Rc4 23. Rhe1 b3 24. c3 bxa2+ 25. Ka1 a3 26. Rc1 h6 27. Rc2 Bg5 28.
Qe2 Qb3 29. bxa3 Qxa3 30. Rxa2 Qxc3+ 31. Kb1 Rb8+ 32. Rb2 Rxb2+ 33. Nxb2 Rb4
34. Rf1 Bd2  0-1